Statystyki dla Państwa Europy według regionu

Kliknij tutaj aby rozwiązać quiz!

Ogólne statystyki

  • Ten quiz został rozwiązany 14 razy
  • Średni wynik to 7 z 20

Statystyki odpowiedzi

RegionPaństwo% Poprawnych
PodkarpackiePolska
100%
Jutlandia PółnocnaDania
79%
MurmańskiRosja
79%
HesjaNiemcy
71%
WaloniaBelgia
57%
TrnawskiSłowacja
57%
KronobergSzwecja
43%
CzerkaskiUkraina
43%
HomelskiBiałoruś
36%
ZadarskaChorwacja
29%
LogatecSłowenia
21%
KorczaAlbania
14%
GorjRumunia
14%
UsteckiCzechy
7%
ZachodniobackiSerbia
7%
GryzoniaAustria
0%
SatakuntaFinlandia
0%
BalzersLiechtenstein
0%
OlickiLitwa
0%
FaetanoSan Marino
0%

Rozkład punktacji

Percentyl według liczby udzielonych odpowiedzi

Procent ludzi z każdym wynikiem

Twoja historia wyników

Nie rozwiązałeś tego quizu